[Event "Corus C"]
[Site "Wijk aan Zee NED"]
[Date "2008.01.12"]
[Round "1"]
[White "Ushenina, A."]
[Black "Van der Wiel, J."]
[Result "0-1"]
[WhiteElo "2484"]
[BlackElo "2490"]
[PlyCount "76"]
[EventDate "2008.01.12"]

1. d4 Nf6 2. c4 e6 3. Nf3 b6 4. a3 Bb7 5. Nc3 d5 6. cxd5 Nxd5 7. e3 g6 8. h4
Nxc3 9. bxc3 Bg7 10. h5 Nd7 11. Bd3 Nc5 12. Bb5+ c6 13. Be2 Ne4 14. Qc2 c5 15.
Bb5+ Kf8 16. h6 Bf6 17. Bd3 Ng5 18. Nxg5 Bxg5 19. Be4 Bxe4 20. Qxe4 Rc8 21. Bd2
Qd5 22. Qg4 Qf5 23. Qg3 Ke7 24. f4 Bf6 25. Qf3 cxd4 26. Qb7+ Kd8 27. e4 Qg4 28.
Qxa7 Qg3+ 29. Kf1 Qd3+ 30. Kg1 Qxd2 31. Qxf7 Qe3+ 32. Kh2 Qxf4+ 33. g3 Qf2+ 34.
Kh3 Rxc3 35. Rhg1 Rc2 36. Rh1 Qg2+ 37. Kg4 Qxe4+ 38. Kh3 Qf5+ 0-1

[Event "Corus C"]
[Site "Wijk aan Zee NED"]
[Date "2008.01.12"]
[Round "1"]
[White "Negi, P."]
[Black "Carlsson, P."]
[Result "0-1"]
[WhiteElo "2526"]
[BlackElo "2501"]
[PlyCount "72"]
[EventDate "2008.01.12"]

1. e4 c5 2. Nf3 d6 3. d4 cxd4 4. Nxd4 Nf6 5. Nc3 g6 6. Be3 Bg7 7. f3 O-O 8. Qd2
Nc6 9. Bc4 Bd7 10. O-O-O Rc8 11. Bb3 Ne5 12. Kb1 Nc4 13. Bxc4 Rxc4 14. g4 b5
15. b3 b4 16. Nce2 Rc7 17. Ng3 Rc3 18. Bh6 Bxh6 19. Qxh6 e5 20. g5 Ng4 21. fxg4
exd4 22. Rxd4 Qa5 23. Rd5 Qa3 24. Rc1 Rc6 25. Rd2 Be6 26. Nf5 gxf5 27. gxf5
Bxb3 28. axb3 Ra6 29. c3 bxc3 30. Rxc3 Qa1+ 31. Kc2 Ra2+ 32. Kd3 Qf1+ 33. Ke3
Qe1+ 34. Kf3 Qxd2 35. f6 Qxc3+ 36. Kf4 Rf2+ 0-1

[Event "Corus C"]
[Site "Wijk aan Zee NED"]
[Date "2008.01.12"]
[Round "1"]
[White "Van der Werf, M."]
[Black "Grivas, E."]
[Result "1-0"]
[WhiteElo "2389"]
[BlackElo "2509"]
[PlyCount "99"]
[EventDate "2008.01.12"]

1. d4 Nf6 2. c4 g6 3. Nc3 Bg7 4. e4 d6 5. h3 O-O 6. Bg5 c6 7. Bd3 a6 8. Nf3 b5
9. O-O Nbd7 10. Re1 bxc4 11. Bxc4 c5 12. dxc5 Nxc5 13. Qe2 Bb7 14. e5 Nfe4 15.
exd6 Nxg5 16. dxe7 Nxf3+ 17. gxf3 Qd7 18. exf8=Q+ Rxf8 19. Kg2 Qf5 20. Ne4 Ne6
21. Bxe6 fxe6 22. Rad1 Bd5 23. Qe3 Bxb2 24. Rd3 Bg7 25. Ra3 Qe5 26. Rxa6 Qb2
27. Re2 Qb4 28. Rd2 Rf7 29. Rb6 Qf8 30. Qd3 Be5 31. Re2 Qd8 32. Rb1 Qh4 33. Qe3
h6 34. Rd1 Kh7 35. a4 Bb8 36. a5 Ba7 37. Qc3 Qf4 38. a6 Bb8 39. Rh1 Be5 40. Qe3
Qh4 41. Rd1 Bb8 42. Rb1 Ba7 43. Qd3 Qf4 44. Reb2 Qe5 45. Rb7 Bxb7 46. Rxb7 Rxb7
47. axb7 Bb8 48. Qd7+ Kg8 49. Qe8+ Kg7 50. Qe7+ 1-0

[Event "Corus C"]
[Site "Wijk aan Zee NED"]
[Date "2008.01.12"]
[Round "1"]
[White "Li Shilong"]
[Black "Krush, I."]
[Result "1-0"]
[WhiteElo "2502"]
[BlackElo "2473"]
[PlyCount "83"]
[EventDate "2008.01.12"]

1. d4 Nf6 2. c4 g6 3. Nc3 Bg7 4. e4 d6 5. Nf3 O-O 6. Be2 e5 7. O-O Nc6 8. d5
Ne7 9. Nd2 Nd7 10. b4 f5 11. a4 Nf6 12. c5 f4 13. Nc4 g5 14. f3 h5 15. Ba3 Ng6
16. b5 Ne8 17. a5 b6 18. cxd6 cxd6 19. Bb4 Rb8 20. axb6 axb6 21. Na4 g4 22.
fxg4 Nh4 23. Be1 hxg4 24. g3 Nf3+ 25. Bxf3 gxf3 26. Qxf3 fxg3 27. Qxg3 Rxf1+
28. Kxf1 Nf6 29. Nc3 Nh5 30. Qh4 Qf8+ 31. Ke2 Nf4+ 32. Kd2 Bd7 33. Ra7 Ng6 34.
Qg3 Be8 35. Kc2 Qf1 36. Ne3 Qf4 37. Nf5 Bf8 38. Bd2 Qf1 39. Nh4 Qf6 40. Bg5 Qf1
41. Nxg6 Bxg6 42. Bh4 1-0

[Event "Corus C"]
[Site "Wijk aan Zee NED"]
[Date "2008.01.12"]
[Round "1"]
[White "Ruijgrok, D."]
[Black "Reinderman, D."]
[Result "0-1"]
[WhiteElo "2329"]
[BlackElo "2533"]
[PlyCount "86"]
[EventDate "2008.01.12"]

1. e4 c5 2. Nf3 e6 3. b3 b6 4. Bd3 Bb7 5. O-O d6 6. Re1 Nd7 7. Bb2 Ngf6 8. Nc3
a6 9. a4 Be7 10. Bf1 O-O 11. d4 cxd4 12. Nxd4 Qc7 13. g3 Nc5 14. Bg2 g6 15. f4
Rfd8 16. Qe2 Bf8 17. Rad1 Rac8 18. e5 Bxg2 19. exd6 Rxd6 20. Kxg2 Qb7+ 21. Nf3
Rxd1 22. Nxd1 Bg7 23. Ne3 b5 24. axb5 axb5 25. Kg1 Nce4 26. Ra1 Nc3 27. Bxc3
Rxc3 28. Rd1 h6 29. Ne5 Qb6 30. Rd3 Nd5 31. Rxc3 Nxc3 32. Qd3 Bxe5 33. fxe5 Nd1
34. Qxd1 Qxe3+ 35. Kg2 Qxe5 36. Qd8+ Kg7 37. Qc8 g5 38. c4 Qb2+ 39. Kg1 Qxb3
40. c5 Qd1+ 41. Kf2 Qc2+ 42. Ke3 b4 43. c6 b3 0-1